X-Men Characters and Actors - Statistics

General Stats
  • This quiz has been taken 65 times
  • The average score is 21 of 34
Answer Stats
Hint Character or Actor % Correct
Wheelchair-Bound Telepath Charles Xavier
96%
Controls Metal Magneto
96%
Adamantium Claws Wolverine
96%
Energy Beams from Eyes Cyclops
95%
Atmospheric Control Storm
91%
Hugh Jackman
88%
Blue Fur, Super Strength and Intellect Beast
86%
Shapeshifter Mystique
86%
Deadly Physical Touch Rogue
86%
Empath/Telepath with Telekinetic Powers Jean Grey
82%
Can Freeze Water Ice Man
79%
James McAvoy
79%
Teleportation Nightcrawler
77%
Patrick Stewart
75%
Jennifer Lawrence
73%
Halle Berry
71%
Ian McKellen
71%
Can Control Fire Pyro
68%
Michael Fassbender
64%
James Marsden
48%
Can Walk Through Walls Kitty Pryde
46%
Famke Janssen
45%
Anna Paquin
43%
Eillot Page
43%
Rebecca Romijn
43%
Sophie Turner
39%
Alan Cumming
38%
Kelsey Grammer
38%
Nicholas Hoult
34%
Alexandra Shipp
27%
Tye Sheridan
27%
Shawn Ashmore
21%
Kodi Smit-McPhee
20%
Aaron Stanford
18%
No matching quizzes found
Score Distribution
Percent of People with Each Score
Percentile by Number Answered
Your Score History
You have not taken this quiz